1550 1183 1492 1808 1004 1615 1000 1592 1083 1386 1577 1571 1075 1714 1678 1281 1459 1419 1475 1948 1719 1378 1857 1888 1134 1225 1732 1562 1074 1877 1046 1980 1622 1457 1626 1576 1968 1064 1923 1764 1225 1768 1785 1765 1607 1611 1799 1158 1990 1518 1019 1960 1046 1810 1975 1026 1563 1157 1125 1207 1563 1384 1409 1783 1158 1012 1394 1163 1996 1411 1547 1170 1232 1458 1250 1089 1484 1176 1016 1292 1260 1351 1276 1095 1488 1242 1944 1145 1741 1534 1270 1806 1096 1648 1941 1287 1244 1855 1152 BCNSPRNW ULIB Ver.6.0+V

เปลี่ยนเป็นภาษาไทย

Change to English
 แสดงรายละเอียดบรรณานุกรม
  กลับหน้าหลัก

Brief Record : Get Marc (ISO 2709) : E-mail record : QR code < ปิดหน้าต่าง
LEADER : 00000nam 2200000uu 4500
001    13399127944
003     ULIB
008    211115s2021||||th 000 0 tha d
020    ^a9781975152109
060 04 ^aWY49^bL712S
100 1  ^aLinda, Lee Phelps
245 10 ^aSparks & Taylor s Nursing diagnosis Pocket Guide /^cLinda, Lee Phelps
250    ^a4th ed.
260    ^aPhiladelphia :^bWolters Kluwer Health/Lippincott Williams& Wilkins,^c2021
300    ^axxxiv, 744 p. ;^c21 cm.
504    ^aIncludes bibliographical references and index
650  0 ^aNursing diagnosis^vHandbooks, manuals, etc
650 12 ^aNursing Diagnosis^vHandbooks
650 22 ^aPatient Care Planning^vHandbooks
945    ^p1377^l0^i008532
999    ^aประนอม เกษจรัล
รายการนี้ยังไม่มีแท็ก
คุณยังไม่ได้ล็อกอิน คุณสามารถมีกิจกรรมร่วมกับเว็บไซต์ได้ แต่ต้องล็อกอินก่อน ::
  ล็อกอิน

รายการสื่อสารสนเทศ

ลำดับที่ ประเภท เลขเรียก/บาร์โค้ด สถานที่ สถานะ
1. Book การพยาบาล
หนังสือสำรอง
สถานะ=หนังสือสำรอง
WY49 L712S ฉ.1 
  Barcode: 008532
ห้องสมุดวิทยาเขตสวรรค์ประชารักษ์
►หนังสือทั่วไป
บนชั้น

BibComment


ยังไม่เคยถูกคอมเมนท์

คอมเมนท์ทรัพยากรรายการนี้
  คอมเมนท์: Sparks Taylor s..


 Copyright 2026. Bcnsprnw @Library